000 00688nam a2200217 a 4500
001 000026079
005 20200930024302.0
008 150202s2010 bl a 000 0 spa d
020 _a9788570191946
040 _aDO-SdBNP
_bspa
_cBNPHU
082 _axxxx
_bxxxx
245 0 0 _aQuando foi 68? /
_cSuely Rolnik ... [et al.].
260 _aBrasil :
_bFundação Joaquim Nabuco,
_bMassangana,
_c2010.
300 _a72 p. :
_bil. ;
_c17 cm.
490 1 _aEstudos da cultura
_aencontros
_v1
700 1 _aRolnik, Suely
_953019
700 1 _aAnjos, Moacyr dos
_953020
700 1 _aNavarro, Edgar
_953021
700 1 _aPryston, Angela
_953022
830 0 _aEstudos da cultura ;
_pencontros
_v1
_953023
999 _c25571
_d25571